01059nam a22002177a 450000500170000000800390001702000150005602000150007104000570008604100080014324501500015126000800030130000510038150400530043265000690048565000640055465000820061865000790070070000380077970000240081720140903174950.0131108s2003 xxuad frn s001 0deng a0791457753 a0791457761 aCO-BoUCMcAngélica RojasdAldemar Mondragónbspa00aeng00aContested nature promoting international biodiversity with social justice in the twenty-first centuryceditado por Steven R. Brechin...[y otros] aAlbany (New York, Estados Unidos)bState University of New York Pressc2003 axvi, 321 páginascilustraciones y gráficas aIncluye referencias bibliográficas e índices 4aBiodiversity conservationxSocial aspectszDeveloping countries. 7aBiodiversidadxAspectos políticoszPaíses en desarrollo 7aProtección del medio ambientexAspectos políticoszPaíses en desarrollo 7aProtección del medio ambientexAspectos socialeszPaíses en desarrollo1 aBrechin, Steven R.d1953-eeditor1 aWilshusen, Peter R.